000 02890namaa2200421uu 4500
001 doab135244
003 oapen
005 20260218110426.0
006 m o d
007 cr|mn|---annan
008 240307s2024 xx |||||o ||| 0|eng d
020 _a9781839624735
020 _a9781839624742
020 _a9781839625008
020 _aintechopen.102150
024 7 _a10.5772/intechopen.102150
_2doi
040 _aoapen
_coapen
_d
041 0 _aeng
042 _adc
720 1 _aHuang, Hongsheng
_4edt
245 0 0 _a<i>Salmonella</i>
_bPerspectives for Low-Cost Prevention, Control and Treatment
260 _bIntechOpen
_c2024
300 _a1 online resource (160 p.)
336 _atext
_btxt
_2rdacontent
337 _acomputer
_bc
_2rdamedia
338 _aonline resource
_bcr
_2rdacarrier
506 0 _fUnrestricted online access
_2star
520 _aSalmonella is a Gram-negative bacterium and a member of the Enterobacteriaceae family that causes infections in humans and animals, making it one of the most common causes of bacterial gastroenteritis worldwide. Since its discovery in the late 1800s, significant progress has been made in the understanding of its genetics, classification, pathogenesis, detection, prevention, control, and treatment. Numerous reviews and chapters on Salmonella have been published, but some gaps remain to be addressed. This book includes seven chapters that focus on the low-cost prevention, control, and treatment of salmonellosis in developing countries. It begins with a brief review of Salmonella, followed by chapters on the transmission of the organism in food and companion animals relevant to the One Health approach, CRISPR-Cas systems in Salmonella for pathogen typing in diagnosis and surveillance, the low-cost control of Salmonella using solar disinfection of water in resource-limiting communities, and transmission and antimicrobial resistance (AMR) in Salmonella across the One Health sector. This book also introduces a new concept of AMR reversal using traditional Chinese medicine. The information provided in this book will encourage Salmonella researchers, medical professionals, and students to further enhance their own research and education as well as encourage new researchers to include Salmonella in their future research initiatives.
540 _aCreative Commons
_fhttps://creativecommons.org/licenses/by/3.0/
_2cc
_uhttps://creativecommons.org/licenses/by/3.0/
546 _aEnglish
650 7 _aMedical microbiology and virology
_2bicssc
720 1 _aHuang, Hongsheng
_4oth
720 1 _aNaushad, Sohail
_4edt
720 1 _aNaushad, Sohail
_4oth
793 0 _aDOAB Library.
856 _uhttps://docs.google.com/spreadsheets/d/1yKIrdCPDAG_9c22mwoOIO2DOhtj65Wqa/edit?usp=sharing&ouid=106555315294820607512&rtpof=true&sd=true
_yList of Curated E-Books
942 _cE-BOOK
999 _c80901
_d80900